000 03870nam0a22005651 4500
001 RU\NLR\A1\22049
005 20260406141933.0
035 _a(NLR Aleph) 009676516
090 _a13474897
_c13474897
100 _a19980610d1798 u y0rusy50 ca
101 0 _arus
102 _aRU
135 _acrcn 024anaba
200 1 _aПамятник на кончину госпожи камер-герши княгини Елисаветы Петровны Долгоруковой, урожденной Бакуниной, скончавшейся марта 16, на 35 году от рождения, и погребенной 19 числ 1798 года. В Москве в Новодевичьем монастыре
210 _aМосква
_cв Университетской типографии, у Хр. Ридигера и Хр. Клаудия
_d[1798]
215 _a15, [1] с.
_d
300 _aЦенз.: С одобрения Московской цензурв (на тит. л.)
314 _aВ конце текста: В знак незабвенной памяти издано коллегским советником Никанором Плещеевым
316 _aЭкз. РНБ (18.132.2.69). Размер: 22,5х18,0х0,5 см
_5NLR: 18.132.2.69
321 1 _aСК XVIII 5119
325 _aКопия доступна в Электрон. б-ке РНБ
327 1 _aСодерж.: Слово, говоренное при отпевании тела ея сиятельства княгини Елисаветы Петровны Долгоруковой, духовником ея, благочинным иереем Стефаном Никитиным (С. 3-8); Стихи на кончину ея сиятельства княгини Елисаветы Петровны Долгоруковой / князь Иван Долгоруков (С. 9-10); Стихи на кончину княгини Елисаветы Петровны Долгоруковой / Н. Николев (С. 11-12); Плачь над гробом благодетельницы и друга моего, княгини Елисаветы Петровны Долгоруковой / А....... В--------- (С. 13-15)
620 _dМосква
702 1 _aДолгорукова
_bЕ.П.
_f1763-1798
_gЕлизавета Петровна
_4570
702 1 _aДолгоруков
_bИ.
_gИван
_4070
702 1 _4070
_8rus
_7ca
_aНиколев
_bН. П.
_f1758-1815
_gНиколай Петрович
_3RU\NLR\AUTH\7797101
_980027
702 0 _aА....... В---------
_4070
702 1 _aНикитин
_bС.
_gСтефан
_4070
702 1 _aПлещеев
_bН.
_gНиканор
_4650
702 1 _aРидигер
_bХ.
_gХристиан
_4610
702 1 _aКлаудий
_bХ.А.
_f-1805
_gХристофор Александрович
_4610
702 1 _4390
_8rus
_7ca
_aДержавин
_bГ. Р.
_f1743-1816
_gГаврила Романович
_3RU\NLR\AUTH\773473
_9113469
712 0 2 _aМосковский университет
_bТипография
_4610
801 0 _aRU
_bNLR
_c19980610
852 _aNLR
_j18.132.2.69
852 _aNLR
_bОР
_jФ.247 (Державин Г.Р.). Т.22. 42
_yЭкз. деф.
856 0 _uhttp://vivaldi.nlr.ru/bx700000136/view
856 1 _uhttp://vivaldi.nlr.ru/bx700000136/cover
856 2 _uhttp://vivaldi.nlr.ru/bx700000136/text
899 _aБАН
942 _cBOOK
980 3 _akpcivil
980 3 _akp
980 _aA1XVIIIv
980 _aNB
981 2 0 _a(20) Книжные памятники РНБ
_b(20) Русский книжный фонд